Understanding C++ for MFC /

Αποθηκεύτηκε σε:
Λεπτομέρειες βιβλιογραφικής εγγραφής
Κύριος συγγραφέας: Raposa, Richard F
Μορφή: Βιβλίο
Γλώσσα:Vietnamese
Έκδοση: CMPBOOKS 2001
Ετικέτες: Προσθήκη ετικέτας
Δεν υπάρχουν, Καταχωρήστε ετικέτα πρώτοι!
Thư viện lưu trữ: Mạng thư viện Đại học Đà Nẵng
LEADER 00609nam a2200265 4500
001 000028406
003 UC++
005 20150403120000.0
008 150403s vm 000 vie
020 |c 0,0000 
040 |a notts 
100 |a Raposa, Richard F 
245 |a Understanding C++ for MFC /  |c Richard F. Raposa. 
260 |b CMPBOOKS  |c 2001 
OWN |a LTT 
999 |a From the UDN01 
TYP |a Monograph 
TYP |a Printed language 
980 |a Mạng thư viện Đại học Đà Nẵng